Gimnasia para la osteoporosis

Guardat en:
Dades bibliogràfiques
Autors principals: Schmidt, Mia (Autor), Preisinger, Elisabeth (Autor), Wimpffen, Hans H. von (Autor)
Format: Llibre
Idioma:espanyol
Publicat: Barcelona Paidotribo 1999
Edició:1a. ed
Matèries:
Etiquetes: Afegir etiqueta
Sense etiquetes, Sigues el primer a etiquetar aquest registre!

MARC

LEADER 00000nam a2200000 a 4500
001 UCO0442
003 CL-VaPUC
008 000420e19990000SP |||||||||||||||||spa|d
020 |a 8480194448 
082 0 4 |a 613.71  |b SCH  |2 21 
100 0 |a Schmidt, Mia  |e author  |9 441715 
700 0 |a Preisinger, Elisabeth  |e author  |9 441716 
700 0 |a Wimpffen, Hans H. von  |e author  |9 441717 
245 1 0 |a Gimnasia para la osteoporosis 
250 |a 1a. ed 
300 |a 93 p 
942 |c BK 
945 |d 20000420 00:00:00  |a rbrito 
260 |a Barcelona  |b Paidotribo  |c 1999 
650 0 |a Ejercicios físicos  |9 307296 
650 7 |a GIMNASIA  |2 CL-VaPUC  |9 307275 
650 0 |a Medicina deportiva  |9 307562 
650 7 |a OSTEOPOROSIS  |2 CL-VaPUC  |9 426617 
583 |a last modification  |c 20130306 01:30:05  |k Rodrigo Vera 
999 |c 287144  |d 287142 
952 |0 0  |1 0  |4 0  |6 613_710000000000000_SCH_1999  |7 0  |8 A  |9 333591  |a BIBEDU  |b BIBEDU  |d 2019-11-20  |i 3608123  |o 613.71 SCH 1999  |p 3608123  |r 2019-11-20  |w 2019-11-20  |y BK  |k EFI 
952 |0 0  |1 0  |4 0  |6 613_710000000000000_SCH_1999  |7 0  |8 C  |9 333592  |a BIBCUR  |b BIBCUR  |d 2019-11-20  |i 4708261  |o 613.71 SCH 1999  |p 4708261  |r 2025-04-22  |w 2019-11-20  |y BK  |k DEN